| 000 | 00689nam a2200193 i 4500 | ||
|---|---|---|---|
| 001 | 148381 | ||
| 003 | ES-MaACL | ||
| 005 | 20230906202608.0 | ||
| 007 | t| | ||
| 008 | 070214s1926 gw |||| | ger d | ||
| 100 | 1 |
_aStegemann, Hermann. _9108004 |
|
| 245 | 1 | 4 |
_aDas Trugbild von Versailles _b: weltgeschichtliche Zusammenhnge und strategische Perspektiven / _cHermann Stegemann. |
| 260 |
_aBerlin : _bDeutsche Verlags, _c1926. |
||
| 300 |
_a359 p. ; _c25 cm. |
||
| 630 | 0 | 4 |
_aTratado de Versalles ( _d1919) _9155228 |
| 650 | 4 |
_aGuerra mundial, 1914-1918- _xCuestiones territoriales. _9151885 |
|
| 651 |
_aEuropa- _xPolítica y gobierno- _y1918-1945. _98626 |
||
| 852 |
_aES-MaACL _jB-522 |
||
| 999 |
_c148381 _d148381 |
||